Fields and waves in modern radio / (Record no. 68080)
[ view plain ]
| 000 -LEADER | |
|---|---|
| fixed length control field | 00708nam a2200241 a 4500 |
| 001 - CONTROL NUMBER | |
| control field | 68080 |
| 003 - CONTROL NUMBER IDENTIFIER | |
| rucl marc code | BD-RjUL |
| 005 - DATE AND TIME OF LATEST TRANSACTION | |
| control field | 20211209081729.0 |
| 008 - FIXED-LENGTH DATA ELEMENTS--GENERAL INFORMATION | |
| fixed length control field | 730112r19601944nyua 001 0 eng |
| 035 ## - SYSTEM CONTROL NUMBER | |
| System control number | (BD-RjUL)68289 |
| 040 ## - CATALOGING SOURCE | |
| Original cataloging agency | DLC |
| Transcribing agency | ODaWU |
| Modifying agency | OCoLC |
| -- | Uk |
| -- | DLC |
| -- | BD-RjUL |
| Language of cataloging | eng |
| 041 ## - LANGUAGE CODE | |
| Language code of text/sound track or separate title | eng |
| 082 ## - DEWEY DECIMAL CLASSIFICATION NUMBER | |
| Edition number | 23 |
| Classification number | 621.384 |
| Author mark and year | RAF 1960 |
| 100 1# - MAIN ENTRY--PERSONAL NAME | |
| Personal name | Ramo, Simon |
| 9 (RLIN) | 201825 |
| 245 10 - TITLE STATEMENT | |
| Title | Fields and waves in modern radio / |
| Statement of responsibility, etc. | Simon Ramo and John R. Whinnery |
| 250 ## - EDITION STATEMENT | |
| Edition statement | 2d ed. |
| 260 ## - PUBLICATION, DISTRIBUTION, ETC. (IMPRINT) | |
| Place of publication, distribution, etc. | New York : |
| Name of publisher, distributor, etc. | Wiley, |
| Date of publication, distribution, etc. | 1954 [reprinting 1960 ] |
| 300 ## - PHYSICAL DESCRIPTION | |
| Pagination | 576 p. : |
| Illustrations | ill. ; |
| Size | 24 cm. |
| 500 ## - GENERAL NOTE | |
| General note | Includes index |
| 650 #0 - SUBJECT ADDED ENTRY--TOPICAL TERM | |
| Topical term or geographic name as entry element | Radio. |
| 9 (RLIN) | 201826 |
| 700 1# - ADDED ENTRY--PERSONAL NAME | |
| Personal name | Whinnery, John R. |
| Relator term | joint author. |
| 942 ## - ADDED ENTRY ELEMENTS (KOHA) | |
| Source of classification or shelving scheme | Dewey Decimal Classification |
| Koha item type | Books |
| Lost status | Source of classification or shelving scheme | Damaged status | Not for loan | Collection code | Permanent Location | Current Location | Shelving location | Date acquired | Source of acquisition | Cost, normal purchase price | Total Checkouts | Full call number | Date last seen | Copy number | Koha item type |
|---|---|---|---|---|---|---|---|---|---|---|---|---|---|---|---|
| Dewey Decimal Classification | Not For Loan | Non-fiction | Central Library, University of Rajshahi | Central Library, University of Rajshahi | Reading Room | 13/02/1963 | Zeithinger | 66.00 | 621.384 RAF 1960 | 30/03/2017 | C-1 | Books | |||
| Dewey Decimal Classification | Non-fiction | Central Library, University of Rajshahi | Central Library, University of Rajshahi | 20/01/1967 | Paragon Enterprises Ltd | 21.00 | 621.384 RAF 1953 | 30/05/2017 | C-2 | Books | |||||
| Dewey Decimal Classification | Non-fiction | Central Library, University of Rajshahi | Central Library, University of Rajshahi | 23/09/1958 | John weiley | 15.75 | 621.384 RAF 1958 | 30/05/2017 | C-3 | Books | |||||
| Dewey Decimal Classification | Non-fiction | Central Library, University of Rajshahi | Central Library, University of Rajshahi | 13/02/1963 | Zeitlinger | 66.00 | 621.384 RAF 1960 | 30/05/2017 | C-4 | Books | |||||
| Dewey Decimal Classification | Non-fiction | Central Library, University of Rajshahi | Central Library, University of Rajshahi | 23/09/1958 | John weiley | 15.75 | 621.384 RAF 1958 | 30/05/2017 | C-5 | Books |